00653nam a2200193 a 450000100060000000300090000600500170001500800410003203500190007304000280009204100080012008200280012810000320015624500930018826000760028130000450035765000370040265000200043956659BD-RJUL 20211209080423.0161203s1969 bg a b 000 0 ben d a(BD-RJUL)56783 aDLCcDLCdUKMdEQObben aben a891.441 bHUJ 1969223  aহক, আজীজুল 10aঝিনুক মুহূর্ত সূর্যকে /cআজীজুল হক aঢাকা :bসমকাল প্রকাশনী,c১৯৬৯ a৩২ পৃ. ; c২৩ সেমি.  0aবাংলা কবিতা  0aBengali Poetry